00383nam a2200181Ia 4500003000400000005001700004006001900021007000300040008004100043024001000084037001200094040002000106041001300126082001200139100001400151245002700165260000900192OSt20220928144444.0a|||||r|||| 00| 0 ta220927b |||||||| |||| 00| 0 eng d a68814 cTextual aSDCLcSDCLbeng 2engaeng aQ1x, N8 aPriyavrat 0aVed ka rashtriya geet. c1998